ACA Architecture competition Annual - VIII (Record no. 7330)
[ view plain ]
| 000 -LEADER | |
|---|---|
| fixed length control field | 00263nam a2200097Ia 4500 |
| 008 - FIXED-LENGTH DATA ELEMENTS--GENERAL INFORMATION | |
| fixed length control field | 200302s9999 xx 000 0 und d |
| 100 ## - MAIN ENTRY--PERSONAL NAME | |
| Personal name | Choi Yoon Jeong |
| 245 ## - TITLE STATEMENT | |
| Title | ACA Architecture competition Annual - VIII |
| 260 ## - PUBLICATION, DISTRIBUTION, ETC. | |
| Name of publisher, distributor, etc. | Archiworld Publication, Korea |
| 300 ## - PHYSICAL DESCRIPTION | |
| Extent | 303 |
| Withdrawn status | Lost status | Source of classification or shelving scheme | Damaged status | Not for loan | Permanent Location | Current Location | Date acquired | Cost, normal purchase price | Total Checkouts | Full call number | Barcode | Date last seen | Date last checked out | Price effective from | Koha item type |
|---|---|---|---|---|---|---|---|---|---|---|---|---|---|---|---|
| BMS College of Architecture, Design and Planning | BMS College of Architecture, Design and Planning | 2020-03-03 | 6069.00 | 1 | 720.6 | AR-UG1232 | 2022-05-09 | 2022-04-22 | 2020-03-03 | UG Books |